| 000 | 01133nam a22002537a 4500 | ||
|---|---|---|---|
| 005 | 20240530110417.0 | ||
| 008 | 150308s2010 ua g 000 0 ara d | ||
| 017 |
_a2007/17159 _bمصر . دار الكتب المصرية |
||
| 020 | _a9773681734 | ||
| 040 | _aEG-CaGPL | ||
| 082 | 0 | 4 |
_221 _a372.218\ _bهـ ن |
| 100 | 1 | _aهير ، جودى | |
| 245 | 1 | 0 |
_aنحو خبرات ارشادية افضل للعمل مع الاطفال : _bفنية : قصصية : درامية : موسيقية وحركية : دراسات اجتماعية : تغذية : رحلات / _cتاليف جودى هير ؛ ترجمة هالة ابراهيم الجروانى ، انشراح ابراهيم المشرفى |
| 260 |
_aالاسكندرية : _bمؤسسة حورس ، _c2010 |
||
| 300 |
_a263 ص ؛ _c24 سم |
||
| 650 | 0 | 4 | _aرياض الاطفال |
| 650 | 0 | 4 |
_aرياض الاطفال _xرحلات |
| 650 | 0 | 4 |
_aرياض الاطفال _xقصص |
| 650 | 0 | 4 |
_aرياض الاطفال _xتعليم _xموسيقى |
| 650 | 0 | 4 | _aمدارس الحضانة |
| 650 | 0 | 4 | _aتعليم الاطفال |
| 650 | 0 | 4 | _aالالعاب |
| 942 |
_2ddc _cBK |
||
| 999 |
_c60574 _d60574 |
||